<?xml version="1.0" encoding="UTF-8"?>
<marc:record xmlns:marc="http://www.loc.gov/MARC21/slim">
   <marc:leader>00000nam a2200000 a 4500</marc:leader>
   <marc:datafield ind1="1" ind2=" " tag="100">
      <marc:subfield code="a">Lohf, Sabine</marc:subfield>
      <marc:subfield code="4">aut</marc:subfield>
      <marc:subfield code="e">Verfasser/-in</marc:subfield>
   </marc:datafield>
   <marc:datafield ind1=" " ind2=" " tag="653">
      <marc:subfield code="a">Basteln</marc:subfield>
   </marc:datafield>
   <marc:datafield ind1=" " ind2=" " tag="653">
      <marc:subfield code="a">Holz</marc:subfield>
   </marc:datafield>
   <marc:datafield ind1=" " ind2=" " tag="653">
      <marc:subfield code="a">JS</marc:subfield>
   </marc:datafield>
   <marc:datafield ind1=" " ind2=" " tag="653">
      <marc:subfield code="a">Schnitzen</marc:subfield>
   </marc:datafield>
   <marc:datafield ind1=" " ind2=" " tag="653">
      <marc:subfield code="a">Spielen</marc:subfield>
   </marc:datafield>
   <marc:datafield ind1=" " ind2=" " tag="653">
      <marc:subfield code="a">VLB</marc:subfield>
   </marc:datafield>
   <marc:datafield ind1=" " ind2=" " tag="653">
      <marc:subfield code="a">Werken</marc:subfield>
   </marc:datafield>
   <marc:datafield ind1="0" ind2="0" tag="245">
      <marc:subfield code="a">Die große Holzwerkstatt</marc:subfield>
   </marc:datafield>
   <marc:datafield ind1="0" ind2="0" tag="245">
      <marc:subfield code="b">Über 150 kreative Ideen.</marc:subfield>
   </marc:datafield>
   <marc:datafield ind1="0" ind2="0" tag="245">
      <marc:subfield code="c">Lohf, Sabine</marc:subfield>
   </marc:datafield>
   <marc:datafield ind1="1" ind2=" " tag="520">
      <marc:subfield code="a">Willkommen in Sabine Lohfs großer Holzwerkstatt! Über 150 kreative Ideen sind in diesem Buch versammelt: Borkenkrokodile, Leisten-Labyrinthe, Kochlöffel-Theater, Eisstiel-Sterne, Obstkisten-Züge und vieles mehr. Hier wird gesägt, gehämmert und gebohrt, aber auch gemalt, geklebt und ganz viel gespielt. &#xD;
Woher bekomme ich Holz für mein Bastelprojekt? Welche Werkzeuge sind am besten geeignet? Welche Eigenschaften haben die verschiedenen Hölzer? Sabine Lohf weiß alle diese Fragen kenntnisreich und mit großer Begeisterung für dieses wunderbare Naturmaterial zu beantworten.&#xD;
Ein Buch für alle, die Holz lieben!</marc:subfield>
   </marc:datafield>
   <marc:datafield ind1=" " ind2=" " tag="020">
      <marc:subfield code="a">9783836956154</marc:subfield>
      <marc:subfield code="9">9783836956154</marc:subfield>
   </marc:datafield>
   <marc:datafield ind1=" " ind2=" " tag="020">
      <marc:subfield code="a">3836956152</marc:subfield>
      <marc:subfield code="9">3836956152</marc:subfield>
   </marc:datafield>
</marc:record>
